000 00620nam a2200253Ia 4500
003 OSt
005 20221006145024.0
006 a|||||r|||| 00| 0
007 ta
008 221006b |||||||| |||| 00| 0 eng d
020 _c25.00
024 _a13,533
037 _cTextual
040 _aEASL
_cEASL
_beng
041 _2eng
_aeng
082 _aV49D.N5, L3
100 _aRAHUL Ram
_9106230
245 0 _aPolitics of central Asia
260 _aDelhi
_bVikas Pub.
_c1973
300 _a185p.
_ccm.
490 _v Oth
942 _hV49D.N5, L3
_cTEXL
_2CC
999 _c1081619
_d1081619